| 000 | 00000nam 2200000zi 4500 |
| 001 | 9.940452 |
| 003 | CaOODSP |
| 005 | 20240723135450 |
| 006 | m o d f |
| 007 | cr cn||||||||| |
| 008 | 240711e202104##onc o f000 0 eng d |
| 040 | |aCaOODSP|beng|erda|cCaOODSP |
| 043 | |an-cn--- |
| 086 | 1 |aIN4-45/2021E-PDF |
| 245 | 00|aAudit of employee expense reimbursement and acquisition card management : |binternal audit report : assurance engagement. |
| 264 | 1|a[Ottawa] : |bOffice of the Superintendent of Financial Institutions Canada = Bureau du surintendant des institutions financières Canada, |cApril 2021. |
| 300 | |a1 online resource (10 pages) |
| 336 | |atext|btxt|2rdacontent |
| 337 | |acomputer|bc|2rdamedia |
| 338 | |aonline resource|bcr|2rdacarrier |
| 500 | |aIssued also in French under title: Audit du remboursement des dépenses des employés et de la gestion des cartes d’achat : rapport d’audit interne : mission d’assurance. |
| 610 | 20|aOffice of the Superintendent of Financial Institutions Canada|xAuditing. |
| 650 | 0|aExpenditures, Public|xAuditing. |
| 710 | 2 |aOffice of the Superintendent of Financial Institutions Canada, |eissuing body. |
| 775 | 08|tAudit du remboursement des dépenses des employés et de la gestion des cartes d’achat : |w(CaOODSP)9.940899 |
| 856 | 40|qPDF|s941 KB|uhttps://publications.gc.ca/collections/collection_2024/bsif-osfi/IN4-45-2021-eng.pdf |